Normal view
MARC view
- تحكيم دولي -- تجارة
Entry Topical Term
001 - CONTROL NUMBER
- control field: 39113
003 - CONTROL NUMBER IDENTIFIER
- control field: JO-AjAnu
005 - DATE AND TIME OF LATEST TRANSACTION
- control field: 20230606080516.0
008 - FIXED-LENGTH DATA ELEMENTS
- fixed length control field: 230606|| aca||aabn | a|a d
040 ## - CATALOGING SOURCE
- Original cataloging agency: JO-AjAnu
- Transcribing agency: JO-AjAnu
150 ## - HEADING--TOPICAL TERM
- Topical term or geographic name entry element: تحكيم دولي -- تجارة
670 ## - SOURCE DATA FOUND
- Source citation: Work cat.: (JO-AjAnu)20059: رضوان، أبو زيد, author 39112, الأسس العامة فى التحكيم التجارى الدولى